000 00298nam a2200109Ia 4500
008 171211s9999 xx 000 0 und d
245 _aBrute Force: Policing Animal Cruelty
245 _cArnold Arluke
260 _c2004
650 _xANIMALS
856 _uhttp://down.ebook777.com/042/1557533504.pdf
999 _c348485
_d348485